Creating an energy efficient mortgage for Europe (Record no. 121154)

MARC details
000 -LEADER
fixed length control field 01139nam a22002297a 4500
001 - CONTROL NUMBER
control field K121154
008 - FIXED-LENGTH DATA ELEMENTS--GENERAL INFORMATION
fixed length control field 160218b2019 xxu||||| |||| 00| 0 eng d
041 ## - LANGUAGE CODE
Language code of text/sound track or separate title eng
110 ## - MAIN ENTRY--CORPORATE NAME
Corporate author EeMAP
245 ## - TITLE STATEMENT
Title Creating an energy efficient mortgage for Europe
Subtitle White paper
Statement of responsibility, etc Preliminary recommendations
520 ## - ABSTRACT
Abstract This White Paper presents an overview of current practices in relation to finance, energy efficiency indicators, property valuation and the impact of energy efficiency on risk management in the context of the private bank financing of improving energy efficiency of the building stock in Europe. See follow up reports K121152 Creating an energy efficient mortgage for Europe and K121153 Energy efficiency lending and valuation due diligence.
650 ## - KEYWORDS
Keywords EeMAP
650 ## - KEYWORDS
Keywords Energy efficiency
650 ## - KEYWORDS
Keywords Sustainability
650 ## - KEYWORDS
Keywords Refurbishment
650 ## - KEYWORDS
Keywords Valuation
651 ## - SUBJECT ADDED ENTRY--GEOGRAPHIC NAME
Geographic name Europe
690 ## - BROAD SUBJECT
9 (RLIN) 6237
Broad subject Energy
700 ## - ADDED PERSONAL NAME
Added personal author Lorenz, David
856 ## - ONLINE RESOURCE
Link text View at eemap.energyefficientmortgages.eu
Uniform Resource Identifier <a href="https://eemap.energyefficientmortgages.eu/wp-content/uploads/2018/04/EeMAP-White-Paper.pdf">https://eemap.energyefficientmortgages.eu/wp-content/uploads/2018/04/EeMAP-White-Paper.pdf</a>
942 ## - ADDED ENTRY ELEMENTS (KOHA)
Suppress in OPAC Do not suppress in OPAC
Holdings
Lost status Damaged status Not for loan Home library Current library Shelving location Date acquired Total Checkouts Date last seen Price effective from Koha item type
      Virtual Virtual Online 05/11/2019   05/11/2019 05/11/2019 Book